Basic quantum mechanics
Saved in:
| Main Author: | |
|---|---|
| Format: | Book |
| Language: | English |
| Published: |
London :
McGraw-Hill,
1970
|
| Series: | European physics series (McGraw-Hill)
|
| Subjects: | |
| Tags: |
Add Tag
No Tags, Be the first to tag this record!
|
MARC
| LEADER | 00000nam a2200000 i 4500 | ||
|---|---|---|---|
| 001 | 1/56256 | ||
| 008 | 941103s1970 eng d | ||
| 020 | |a 0-07-094118-1 | ||
| 035 | |a 1990 |c ΔΩΡΕΑ |l 10045512 | ||
| 040 | |a GR-MY-UA |b gre |e aacr | ||
| 041 | 0 | |a eng | |
| 082 | 0 | |a 530.12 | |
| 100 | 1 | |a Cassels, J. M. | |
| 245 | 1 | 0 | |a Basic quantum mechanics / |c J. M. Cassels |
| 260 | |a London : |b McGraw-Hill, |c 1970 | ||
| 300 | |a 184 σ.; |c 22 εκ. | ||
| 490 | 1 | |a European physics series (McGraw-Hill) | |
| 504 | |a Περιέχει ευρετήριο | ||
| 650 | 0 | 0 | |a Quantum theory. |
| 830 | 0 | |a European physics series (McGraw-Hill) | |
| 852 | |a INST |b SAMOS |e 19941103 |h 530.12 CAS |p 005300002565 |q 005300002565 |t BK |y 0 | ||
| 909 | |a Σ |b 018446 | ||